Представление документа в формате MARC21

ПолеНазваниеЗначение
  Тип записи a
  Библиографический уровень m
001 Контрольный номер RU/URAIT/583437
005 Дата корректировки 20260429163654.9
008 Кодируемые данные 260429s2026 RU y f j 000 0 rus u
020 Индекс ISBN __
a ISBN 978-5-9916-9440-7
c Цена, тираж 1189.00
040 Источник каталогиз. __
a Служба первич. каталог. ИКО Юрайт
c Служба, преобразующая запись ИКО Юрайт
e Правила каталог. RCR
041 Код языка издания __
a Код языка текста rus
044 Код страны публикации __
a Код страны публикации RU
080 Индекс УДК __
a Индекс УДК 621.38(075.8)
084 Индекс другой классификации/Индекс ББК __
2 Источник индекса rubbk
a Индекс другой классификации/Индекс ББК 32.85я73
100 Автор __
a Автор Розанов Ю. К.
q Полное имя Розанов Юрий Константинович
245 Заглавие __
a Заглавие Силовая электроника
b Продолж. заглавия учебник и практикум для вузов
c Ответственность Ю. К. Розанов, М. Г. Лепанов ; под редакцией Ю. К. Розанова.
256 Характеристики компьютерного файла __
a Характеристики компьютерного файла Электрон. дан.
260 Выходные данные __
a Место издания Москва
b Издательство Юрайт
c Дата издания 2026
300 Физическое описание __
a Объем 206 с
440 Серия __
a Серия Высшее образование
500 Примечания __
a Примечание URL: https://urait.ru/bcode/583437 (дата обращения: 29.04.2026).
520 Аннотация __
a Аннотация Курс дает студентам представление о принципах действия и основных характеристиках силовых электронных приборов, а также о современных тенденциях развития данной отрасли. В курсе подробно описаны принципы регулирования и основные функциональные элементы систем управления устройствами силовой электроники. Представлены базовые схемы тиристорных преобразователей, автономных инверторов и регуляторов постоянного тока, изложены их принципы действия, приведены основные характеристики. Подробно рассмотрены транзисторные преобразователи с управлением посредством широтно импульсной модуляции, их режимы работы и функциональные возможности. Уделено внимание устройствам повышения качества электроэнергии: статическим компенсаторам реактивной мощности, устройствам симметрирования токов в трехфазной сети, активным и гибридным фильтрам высших гармоник.
538 Прим. о системных особенностях __
a Прим. о системных особенностях Режим доступа: Электронно-библиотечная система Юрайт, для авториз. пользователей
653 Ключевые слова __
a Ключевые слова Электротехника, электроника, телекоммуникации
653 Ключевые слова __
a Ключевые слова Технические науки
653 Ключевые слова __
a Ключевые слова Электроника
653 Ключевые слова __
a Ключевые слова Силовая электроника
653 Ключевые слова __
a Ключевые слова Основы электроники
653 Ключевые слова __
a Ключевые слова Применение силовой электроники и микропроцессоров в электротехнических комплексах
653 Ключевые слова __
a Ключевые слова Основы силовой электроники
653 Ключевые слова __
a Ключевые слова Силовая электроника электропривода
653 Ключевые слова __
a Ключевые слова Проектирование устройств силовой электроники
653 Ключевые слова __
a Ключевые слова Силовая электроника в электроэнергетике
653 Ключевые слова __
a Ключевые слова Силовая и промышленная электроника
653 Ключевые слова __
a Ключевые слова Электропитание и силовая электроника
653 Ключевые слова __
a Ключевые слова Устройства силовой электроники как элементы САУ
653 Ключевые слова __
a Ключевые слова Силовая электроника в электромеханике
653 Ключевые слова __
a Ключевые слова Системы автоматизированного проектирования систем управления устройств силовой электроники
653 Ключевые слова __
a Ключевые слова Введение в электронику
653 Ключевые слова __
a Ключевые слова Электроника, силовая электроника и схемотехника
653 Ключевые слова __
a Ключевые слова Системы электроэнергетики с элементами силовой электроники
653 Ключевые слова __
a Ключевые слова Силовая и информационная электроника
653 Ключевые слова __
a Ключевые слова Силовая электроника в электрических системах
653 Ключевые слова __
a Ключевые слова Элементы силовой электроники
653 Ключевые слова __
a Ключевые слова Автоматизированное проектирование силовых устройств электроники
653 Ключевые слова __
a Ключевые слова Моделирование силовых устройств электроники
653 Ключевые слова __
a Ключевые слова Силовая электроника в энергетике
653 Ключевые слова __
a Ключевые слова Цифровая схемотехника и силовая электроника
653 Ключевые слова __
a Ключевые слова Современные методы широтно-импульсной модуляции в силовой электронике
653 Ключевые слова __
a Ключевые слова Специальные вопросы теории планирования эксперимента в силовой электронике
653 Ключевые слова __
a Ключевые слова Высоковольтная силовая электроника
653 Ключевые слова __
a Ключевые слова Анализ и расчет компонентов и функциональных узлов силовой электроники
653 Ключевые слова __
a Ключевые слова Судовая силовая электроника
653 Ключевые слова __
a Ключевые слова Компонентная база силовой электроники
653 Ключевые слова __
a Ключевые слова Компоненты силовой электроники
653 Ключевые слова __
a Ключевые слова Силовая электронная техника
653 Ключевые слова __
a Ключевые слова Системы и компоненты силовой электроники
653 Ключевые слова __
a Ключевые слова Современная силовая электроника
653 Ключевые слова __
a Ключевые слова Устройства силовой электроники
653 Ключевые слова __
a Ключевые слова Методы и средства управления режимами на базе силовой полупроводниковой техники
653 Ключевые слова __
a Ключевые слова Силовая электроника в системах электроснабжения
653 Ключевые слова __
a Ключевые слова Силовая электроника в системах электроснабжения с возобновляемыми источниками энергии
653 Ключевые слова __
a Ключевые слова Управление режимами электроэнергетических систем на базе силовой электроники
653 Ключевые слова __
a Ключевые слова Управляемые электропередачи на базе силовой электроники
653 Ключевые слова __
a Ключевые слова Силовая электроника в мехатронике
653 Ключевые слова __
a Ключевые слова Силовая электроника, электропривод и электроавтоматика
653 Ключевые слова __
a Ключевые слова Приборы силовой электроники
653 Ключевые слова __
a Ключевые слова Автоматизированное проектирование устройств силовой электроники
653 Ключевые слова __
a Ключевые слова Микроконтроллеры и микропроцессоры в устройствах управления силовой электроники
653 Ключевые слова __
a Ключевые слова Полупроводниковые ключи в силовых схемах
653 Ключевые слова __
a Ключевые слова Разработка микропроцессорных систем управления устройств силовой электроники
653 Ключевые слова __
a Ключевые слова Расчеты тепловых характеристик полупроводниковых приборов в устройствах силовой электроники
653 Ключевые слова __
a Ключевые слова Силовые полупроводниковые приборы
653 Ключевые слова __
a Ключевые слова Системы управления силовой электроникой
653 Ключевые слова __
a Ключевые слова Современные компоненты и материалы устройств силовой электроники
653 Ключевые слова __
a Ключевые слова Схемотехника устройств силовой электроники
653 Ключевые слова __
a Ключевые слова Электротехника и электроника. Раздел Электроника
653 Ключевые слова __
a Ключевые слова Силовая электроника и микропроцессоры
700 Другие авторы __
a Другие авторы Лепанов М. Г.
q Полное имя Лепанов Михаил Геннадьевич
856 Электронный адрес документа 40
n Местонахождение сервера Юрайт
g Электронная книга
q Тип электронного формата html
h Имя пользователя ЮРАЙТ
v Часы доступа к ресурсу 20271231
2 Способ доступа Показать документ
x Служебное примечание https://urait.ru/book/cover/B919DC15-19EF-489F-A59A-2C9FF3107460
u URL https://urait.ru/bcode/583437
856 Электронный адрес документа 48
q Тип электронного формата cover
u URL https://urait.ru/book/cover/B919DC15-19EF-489F-A59A-2C9FF3107460
911 __
u 0030=https://urait.ru/bcode/583437
911 __
u 073a=9785991694407
u 073d=1189.00
911 __
u 106a=s
911 __
u 900l=
952 Тип литературы __
i Дисциплина Электроника
952 Тип литературы __
i Дисциплина Силовая электроника
952 Тип литературы __
i Дисциплина Основы электроники
952 Тип литературы __
i Дисциплина Применение силовой электроники и микропроцессоров в электротехнических комплексах
952 Тип литературы __
i Дисциплина Основы силовой электроники
952 Тип литературы __
i Дисциплина Силовая электроника электропривода
952 Тип литературы __
i Дисциплина Проектирование устройств силовой электроники
952 Тип литературы __
i Дисциплина Силовая электроника в электроэнергетике
952 Тип литературы __
i Дисциплина Силовая и промышленная электроника
952 Тип литературы __
i Дисциплина Электропитание и силовая электроника
952 Тип литературы __
i Дисциплина Устройства силовой электроники как элементы САУ
952 Тип литературы __
i Дисциплина Силовая электроника в электромеханике
952 Тип литературы __
i Дисциплина Системы автоматизированного проектирования систем управления устройств силовой электроники
952 Тип литературы __
i Дисциплина Введение в электронику
952 Тип литературы __
i Дисциплина Электроника, силовая электроника и схемотехника
952 Тип литературы __
i Дисциплина Системы электроэнергетики с элементами силовой электроники
952 Тип литературы __
i Дисциплина Силовая и информационная электроника
952 Тип литературы __
i Дисциплина Силовая электроника в электрических системах
952 Тип литературы __
i Дисциплина Элементы силовой электроники
952 Тип литературы __
i Дисциплина Автоматизированное проектирование силовых устройств электроники
952 Тип литературы __
i Дисциплина Моделирование силовых устройств электроники
952 Тип литературы __
i Дисциплина Силовая электроника в энергетике
952 Тип литературы __
i Дисциплина Цифровая схемотехника и силовая электроника
952 Тип литературы __
i Дисциплина Современные методы широтно-импульсной модуляции в силовой электронике
952 Тип литературы __
i Дисциплина Специальные вопросы теории планирования эксперимента в силовой электронике
952 Тип литературы __
i Дисциплина Высоковольтная силовая электроника
952 Тип литературы __
i Дисциплина Анализ и расчет компонентов и функциональных узлов силовой электроники
952 Тип литературы __
i Дисциплина Судовая силовая электроника
952 Тип литературы __
i Дисциплина Компонентная база силовой электроники
952 Тип литературы __
i Дисциплина Компоненты силовой электроники
952 Тип литературы __
i Дисциплина Силовая электронная техника
952 Тип литературы __
i Дисциплина Системы и компоненты силовой электроники
952 Тип литературы __
i Дисциплина Современная силовая электроника
952 Тип литературы __
i Дисциплина Устройства силовой электроники
952 Тип литературы __
i Дисциплина Методы и средства управления режимами на базе силовой полупроводниковой техники
952 Тип литературы __
i Дисциплина Силовая электроника в системах электроснабжения
952 Тип литературы __
i Дисциплина Силовая электроника в системах электроснабжения с возобновляемыми источниками энергии
952 Тип литературы __
i Дисциплина Управление режимами электроэнергетических систем на базе силовой электроники
952 Тип литературы __
i Дисциплина Управляемые электропередачи на базе силовой электроники
952 Тип литературы __
i Дисциплина Силовая электроника в мехатронике
952 Тип литературы __
i Дисциплина Силовая электроника, электропривод и электроавтоматика
952 Тип литературы __
i Дисциплина Приборы силовой электроники
952 Тип литературы __
i Дисциплина Автоматизированное проектирование устройств силовой электроники
952 Тип литературы __
i Дисциплина Микроконтроллеры и микропроцессоры в устройствах управления силовой электроники
952 Тип литературы __
i Дисциплина Полупроводниковые ключи в силовых схемах
952 Тип литературы __
i Дисциплина Разработка микропроцессорных систем управления устройств силовой электроники
952 Тип литературы __
i Дисциплина Расчеты тепловых характеристик полупроводниковых приборов в устройствах силовой электроники
952 Тип литературы __
i Дисциплина Силовые полупроводниковые приборы
952 Тип литературы __
i Дисциплина Системы управления силовой электроникой
952 Тип литературы __
i Дисциплина Современные компоненты и материалы устройств силовой электроники
952 Тип литературы __
i Дисциплина Схемотехника устройств силовой электроники
952 Тип литературы __
i Дисциплина Электротехника и электроника. Раздел Электроника
952 Тип литературы __
i Дисциплина Силовая электроника и микропроцессоры